پاس آئینہ : (Record no. 107660)

MARC details
000 -LEADER
fixed length control field 00916nam a22002537a 4500
005 - DATE AND TIME OF LATEST TRANSACTION
control field 20170123162329.0
010 ## - LIBRARY OF CONGRESS CONTROL NUMBER
LC control number B-097726
020 ## - INTERNATIONAL STANDARD BOOK NUMBER
Terms of availability 75.00
International Standard Book Number 8182230853
035 ## - SYSTEM CONTROL NUMBER
System control number B-097726
037 ## - SOURCE OF ACQUISITION
Source of stock number/acquisition Cen Lib/Ret
040 ## - CATALOGING SOURCE
Original cataloging agency DPL
Language of cataloging UR
082 ## - DEWEY DECIMAL CLASSIFICATION NUMBER
Classification number ک
Item number گ ور
100 ## - MAIN ENTRY--PERSONAL NAME
Personal name گوردیال سنگھ عارف
9 (RLIN) 108766
245 ## - TITLE STATEMENT
Title پاس آئینہ :
Statement of responsibility, etc گوردیال سنگھ عارف
Remainder of title افسانوی مجمع /
246 ## - VARYING FORM OF TITLE
Title proper/short title Pase aaina : afsanvi majmua /
Remainder of title by Gurdyal Singh Aarif
260 ## - PUBLICATION, DISTRIBUTION, ETC. (IMPRINT)
Place of publication, distribution, etc دہلی
Name of publisher, distributor, etc ایجوکیشنل پبلشنگ ہاؤس
Date of publication, distribution, etc 2005
270 ## - ADDRESS
City دہلی
Address ٣١٠٨، گلی عزیزددیں وکیل کوچہ پنڈت لال کوان
Postal code 110006
300 ## - PHYSICAL DESCRIPTION
Extent 119P.
Dimensions 21cm(Hb)
650 ## - SUBJECT ADDED ENTRY--TOPICAL TERM
Topical term or geographic name as entry element ادب - اردو
9 (RLIN) 120594
650 ## - SUBJECT ADDED ENTRY--TOPICAL TERM
Topical term or geographic name as entry element اردو کہانیاں
9 (RLIN) 120595
650 ## - SUBJECT ADDED ENTRY--TOPICAL TERM
Topical term or geographic name as entry element Literature -- Urdu
9 (RLIN) 120596
650 ## - SUBJECT ADDED ENTRY--TOPICAL TERM
Topical term or geographic name as entry element Urdu stories
9 (RLIN) 120597
942 ## - ADDED ENTRY ELEMENTS (KOHA)
Source of classification or shelving scheme Dewey Decimal Classification
Koha item type Urdu Bks
Classification part ک
Call number suffix گ ور
Holdings
Withdrawn status Lost status Damaged status Not for loan Home library Current library Date acquired Source of acquisition Cost, normal purchase price Total Checkouts Full call number Barcode Date last seen Copy number Cost, replacement price Price effective from Koha item type
        Central Library Central Library 09/01/2016 Cen Lib/Ret 75.00   ک گ ور B-097726 09/01/2016 1 75.00 09/01/2016 Urdu Bks

© Delhi Public Library
Hit Counter
free hit counter